[Event "Commonwealth-ch"]
[Site "Nagpur"]
[Date "2008.10.05"]
[Round "10"]
[White "Naresh, Kantode"]
[Black "Anuja, Bombatkar"]
[Result "0-1"]
[WhiteElo "1718"]
[BlackElo "1927"]
[PlyCount "83"]
[EventDate "2008.09.28"]
[EventType "swiss"]
[EventRounds "11"]
[EventCountry "IND"]
[SourceTitle "CBM 126 Extra"]
[Source "ChessBase"]
[SourceDate "2008.11.05"]
[SourceVersion "1"]
[SourceVersionDate "2008.11.05"]
[SourceQuality "1"]

1. e4 c6 2. d4 d5 3. e5 Bf5 4. Nf3 e6 5. Be2 c5 6. Be3 Nd7 7. 0-0 h6 8. c4 cxd4 9. Bxd4 Ne7 10. cxd5 Nxd5 11. Nc3 Nxc3 12. Bxc3 Bc5 13. Bb5 a6 14. Ba4 b5 15. Bc2 Bxc2 16. Qxc2 0-0 17. Rad1 Qe7 18. Qe4 Rfd8 19. Nd4 Bxd4 20. Rxd4 Nf8 21. Rxd8 Rxd8 22. Qc6 Qa7 23. Ba5 Qa8 24. Qb6 Rc8 25. Rd1 Ng6 26. Qe3 Qc6 27. Bc3 Qc4 28. a3 Ne7 29. Rd7 Nd5 30. Qf3 Qf4 31. Qxf4 Nxf4 32. Be1 Rc1 33. Kf1 Nxg2 34. Kxg2 Rxe1 35. Ra7 Re2 36. b4 Rxe5 37. Rxa6 Rd5 38. Ra7 Kf8 39. Rb7 Ke8 40. Kf1 Rf5 41. Ra7 Kd8 42. Kg2 0-1

[Event "Commonwealth-ch"]
[Site "Nagpur"]
[Date "2008.10.01"]
[Round "5"]
[White "Anuja, Bombatkar"]
[Black "Jabbar, Abdul"]
[Result "0-1"]
[WhiteElo "1927"]
[BlackElo "2211"]
[PlyCount "80"]
[EventDate "2008.09.28"]
[EventType "swiss"]
[EventRounds "11"]
[EventCountry "IND"]
[SourceTitle "CBM 126 Extra"]
[Source "ChessBase"]
[SourceDate "2008.11.05"]
[SourceVersion "1"]
[SourceVersionDate "2008.11.05"]
[SourceQuality "1"]

1. d4 d5 2. c4 dxc4 3. Nc3 Nc6 4. e3 Nf6 5. Bxc4 e6 6. Nf3 a6 7. a3 b5 8. Bd3 Bd6 9. Bd2 e5 10. Qc2 Bd7 11. Ne4 exd4 12. Nxf6+ Qxf6 13. Be4 0-0 14. Rc1 dxe3 15. Bxe3 Ne5 16. Bxa8 Rxa8 17. Nxe5 Qxe5 18. Kf1 Re8 19. Qc3 Qe4 20. Qd4 Qf5 21. b4 Be5 22. Qd2 Be6 23. f3 Bc4+ 24. Kf2 Qf6 25. Rcd1 Qg6 26. g3 h5 27. f4 Bf6 28. h4 Kh7 29. Rhe1 Bb3 30. Rc1 Rd8 31. Qe2 Bd5 32. Rg1 Re8 33. Qc2 Be4 34. Qe2 Bd3 35. Qf3 Bf5 36. Rc5 Bg4 37. Qd5 Rd8 38. Qb3 Qe4 39. Qc2 Rd3 40. Re1 g6 0-1